Govt. of
Madhya Pradesh

Ragged Banners (Record no. 36439)

MARC details
000 -LEADER
fixed length control field 004080000a22001690004500
003 - CONTROL NUMBER IDENTIFIER
control field MACL
005 - DATE AND TIME OF LATEST TRANSACTION
control field 20160107120532.0
008 - FIXED-LENGTH DATA ELEMENTS--GENERAL INFORMATION
fixed length control field 160107b xxu||||| |||| 00| 0 eng d
040 ## - CATALOGING SOURCE
Original cataloging agency MACL
Transcribing agency MACL
041 ## - LANGUAGE CODE
Language code of text/sound track or separate title English
082 ## - DEWEY DECIMAL CLASSIFICATION NUMBER
Classification number 823/MAN
100 ## - MAIN ENTRY--PERSONAL NAME
Personal name Mannin, ethel
9 (RLIN) 29146
245 ## - TITLE STATEMENT
Title Ragged Banners
260 ## - PUBLICATION, DISTRIBUTION, ETC. (IMPRINT)
Name of publisher, distributor, etc. Jarrolds Pbulishers London
Place of publication, distribution, etc. London
650 ## - SUBJECT ADDED ENTRY--TOPICAL TERM
Topical term or geographic name as entry element Novel
9 (RLIN) 153
942 ## - ADDED ENTRY ELEMENTS (KOHA)
Koha item type Books
Call number prefix 823/Man
Source of classification or shelving scheme
Holdings
Withdrawn status Lost status Source of classification or shelving scheme Damaged status Not for loan Home library Current library Date acquired Total Checkouts Full call number Barcode Date last seen Uniform Resource Identifier Price effective from Koha item type
          MACL MACL 15/04/2015   823/Man CLE013336 29/04/2015 36650 15/04/2015 Books